1000 California place names : their origin and meaning.

Bibliographic Details
Main Author: Gudde, Erwin Gustav, 1889-1969
Format: Book
Language:English
Published: Berkeley : Univ. of California Press, 1959.
Edition:[2d rev. ed.].
Subjects:

MARC

Tag First Indicator Second Indicator Subfields
LEADER 00000cam a2200000 4500
001 in00000258913
005 20151010054938.0
008 770624s1959 cau 00000 eng d
010 |a  59011310  
035 |a (OCoLC)03067726 
035 |9 ABC9318AM 
040 |a DLC  |c JNA  |d TXA  |d UtOrBLW 
049 |a TXAM  |c [318524] 
050 0 |a F859  |b .G8 1959 
100 1 |a Gudde, Erwin Gustav,  |d 1889-1969. 
245 1 0 |a 1000 California place names :  |b their origin and meaning. 
250 |a [2d rev. ed.]. 
264 1 |a Berkeley :  |b Univ. of California Press,  |c 1959. 
300 |a 96 pages ;  |c 19 cm. 
336 |a text  |b txt  |2 rdacontent 
337 |a unmediated  |b n  |2 rdamedia 
338 |a volume  |b nc  |2 rdacarrier 
500 |a "Based on [the author's] California place names: the origin and etymology of current geographical names." 
650 0 |a Names, Geographical  |z California. 
740 0 |a California place names. 
999 |a MARS 
999 f f |s 71490b6a-0f52-3540-8851-a57e5234bfe7  |i 033d2096-1be4-34f9-9d86-9acdd73725f1  |t 0 
952 f f |p ric  |a Texas A&M University  |b Rellis Campus  |c Joint Library Facility  |d Remote Storage  |t 0  |e F859 .G8 1959  |h Library of Congress classification  |i unmediated -- volume  |m A14802322104 
998 f f |a F859 .G8 1959  |t 0  |l Remote Storage